Menghindar tanah runtuh

Bibliographic Details
Main Author: Zabbri Hazry
Format: Book
Published: Selangor : Penerbitan Geng Budiman , 2020
Series:Koleksi buku cerita aras tinggi
Subjects:

MARC

LEADER 00000cam a2200000 7i4500
001 0000278651
005 20200917114329.0
020 |a 9789671712047 
090 0 0 |a JF   |b ZAB 
100 0 |a Zabbri Hazry 
245 1 0 |a Menghindar tanah runtuh   |c Zabbri Hazry 
260 |a Selangor :   |b Penerbitan Geng Budiman ,   |c 2020 
300 |a 30p. :   |b ill.,col. ;   |c 26cm. 
490 0 |a Koleksi buku cerita aras tinggi 
650 0 |a Children's stories 
999 |a 00384715   |b BUKU   |c PINJAMAN   |e PERPUSTAKAAN KOMUNITI PETALING JAYA